01085cam a2200169 a 4500020001800000020001500018040000800033082002600041245010600067260007600173300005900249490004000308520046400348650001600812650002600828710006100854 a9789251070260 a9251070261 cDKU04a338 FOO 2013 A069 Co.00a2000 world census of agriculture :banalysis and international comparison of the results (1996-2005). aRome :bFood and Agriculture Organization of the United Nations,c2013. aviii, 152 pages :bcolor illustrations, maps ;c30 cm.1 aFAO statistical development series, a"The Programme for the 2000 World Census of Agriculture was the sixth prepared by FAO for encouraging countries to undertake an agricultural census with standardized international concepts, definitions and methodologies. The programme covered the censuses carried out during the decade (1996-2005). About 122 countries carried out an agriculture census during the decade and 114 countries made available their census reports to FAO."--Publisher's description. 0aAgriculture 0aAgricultural surveys.2 aFood and Agriculture Organization of the United Nations,